<?xml version="1.0" encoding="UTF-8"?><marc:collection xmlns:marc="http://www.loc.gov/MARC21/slim">
  <marc:record>
    <marc:leader>00000nam##2200000za#4500</marc:leader>
    <marc:controlfield tag="001">9.642104</marc:controlfield>
    <marc:controlfield tag="003">CaOODSP</marc:controlfield>
    <marc:controlfield tag="005">20210624223536</marc:controlfield>
    <marc:controlfield tag="007">cr |||||||||||</marc:controlfield>
    <marc:controlfield tag="008">150407|2000||||xxc|||||o    f|0| 0 fre|d</marc:controlfield>
    <marc:datafield tag="040" ind1=" " ind2=" ">
      <marc:subfield code="a">CaOODSP</marc:subfield>
      <marc:subfield code="b">fre</marc:subfield>
    </marc:datafield>
    <marc:datafield tag="043" ind1=" " ind2=" ">
      <marc:subfield code="a">n-cn---</marc:subfield>
    </marc:datafield>
    <marc:datafield tag="086" ind1="1" ind2=" ">
      <marc:subfield code="a">R72-289/2000-1F-PDF</marc:subfield>
    </marc:datafield>
    <marc:datafield tag="110" ind1="1" ind2=" ">
      <marc:subfield code="a">Canada.</marc:subfield>
      <marc:subfield code="b">Affaires indiennes et du Nord.</marc:subfield>
    </marc:datafield>
    <marc:datafield tag="245" ind1="1" ind2="0">
      <marc:subfield code="a">[Accord définitif Nisga'a] : </marc:subfield>
      <marc:subfield code="h">[ressource électronique]</marc:subfield>
      <marc:subfield code="b">[appendices] </marc:subfield>
    </marc:datafield>
    <marc:datafield tag="260" ind1=" " ind2=" ">
      <marc:subfield code="a">Ottawa - Ontario : </marc:subfield>
      <marc:subfield code="b">Affaires indiennes et du Nord </marc:subfield>
      <marc:subfield code="c">[2000].</marc:subfield>
    </marc:datafield>
    <marc:datafield tag="300" ind1=" " ind2=" ">
      <marc:subfield code="a">58, 15, 238, 63, 3, 8, 13, 17, 6, 5, 3, 14, 40p.</marc:subfield>
      <marc:subfield code="b">cartes (certaines en couleur), tableaux</marc:subfield>
    </marc:datafield>
    <marc:datafield tag="500" ind1=" " ind2=" ">
      <marc:subfield code="a">Sommaire: Appendice A - Terres Nisga'a; Appendice B - Exceptions aux terres Nisga'a; Appendice C - Intérêts sur les terres Nisga'a; Appendice D - Terres Nisga'a en fief simple à l'extérieur des terres Nisga'a; Appendice E - Carte de la tenure récréative commerciale Nisga'a; Appendice F - Sites patrimoniaux et particularités géographiques; Appendice G - Parcs et réserve écologique; Appendice H - Dispositions transitoires pour les ressources; Appendice I - Cartes de la région du Nass et des régions de récolte de bivalves; Appendice J - Région faunique du Nass; Appendice K - Carte de la région des guides de pourvoirie; Appendice L - Artefacts et patrimoine culturels; Appendice M - Règlement de différends.</marc:subfield>
    </marc:datafield>
    <marc:datafield tag="590" ind1=" " ind2=" ">
      <marc:subfield code="a">13-16-Supp</marc:subfield>
      <marc:subfield code="b">2013-07-12</marc:subfield>
    </marc:datafield>
    <marc:datafield tag="691" ind1="0" ind2="7">
      <marc:subfield code="a">Accord</marc:subfield>
      <marc:subfield code="2">gcpds</marc:subfield>
    </marc:datafield>
    <marc:datafield tag="691" ind1="0" ind2="7">
      <marc:subfield code="a">Terres autochtones</marc:subfield>
      <marc:subfield code="2">gcpds</marc:subfield>
    </marc:datafield>
    <marc:datafield tag="775" ind1="0" ind2="8">
      <marc:subfield code="t">[Nisga'a final agreement] : </marc:subfield>
      <marc:subfield code="w">(CaOODSP)9.698108</marc:subfield>
    </marc:datafield>
    <marc:datafield tag="856" ind1="4" ind2="0">
      <marc:subfield code="a">http://publications.gc.ca</marc:subfield>
      <marc:subfield code="q">PDF</marc:subfield>
      <marc:subfield code="s">2.52 Mo</marc:subfield>
      <marc:subfield code="u">https://publications.gc.ca/collections/Collection/R72-289-2000-1F-13.pdf</marc:subfield>
    </marc:datafield>
    <marc:datafield tag="856" ind1="4" ind2="0">
      <marc:subfield code="a">http://publications.gc.ca</marc:subfield>
      <marc:subfield code="q">PDF</marc:subfield>
      <marc:subfield code="s">556 Ko</marc:subfield>
      <marc:subfield code="u">https://publications.gc.ca/collections/Collection/R72-289-2000-1F-11.pdf</marc:subfield>
    </marc:datafield>
    <marc:datafield tag="856" ind1="4" ind2="0">
      <marc:subfield code="a">http://publications.gc.ca</marc:subfield>
      <marc:subfield code="q">PDF</marc:subfield>
      <marc:subfield code="s">1.88 Mo</marc:subfield>
      <marc:subfield code="u">https://publications.gc.ca/collections/Collection/R72-289-2000-1F-7.pdf</marc:subfield>
    </marc:datafield>
    <marc:datafield tag="856" ind1="4" ind2="0">
      <marc:subfield code="a">http://publications.gc.ca</marc:subfield>
      <marc:subfield code="q">PDF</marc:subfield>
      <marc:subfield code="s">2.01 Mo</marc:subfield>
      <marc:subfield code="u">https://publications.gc.ca/collections/Collection/R72-289-2000-1F-10.pdf</marc:subfield>
    </marc:datafield>
    <marc:datafield tag="856" ind1="4" ind2="0">
      <marc:subfield code="a">http://publications.gc.ca</marc:subfield>
      <marc:subfield code="q">PDF</marc:subfield>
      <marc:subfield code="s">12.89 Mo</marc:subfield>
      <marc:subfield code="u">https://publications.gc.ca/collections/Collection/R72-289-2000-1F-1.pdf</marc:subfield>
    </marc:datafield>
    <marc:datafield tag="856" ind1="4" ind2="0">
      <marc:subfield code="a">http://publications.gc.ca</marc:subfield>
      <marc:subfield code="q">PDF</marc:subfield>
      <marc:subfield code="s">555 Ko</marc:subfield>
      <marc:subfield code="u">https://publications.gc.ca/collections/Collection/R72-289-2000-1F-5.pdf</marc:subfield>
    </marc:datafield>
    <marc:datafield tag="856" ind1="4" ind2="0">
      <marc:subfield code="a">http://publications.gc.ca</marc:subfield>
      <marc:subfield code="q">PDF</marc:subfield>
      <marc:subfield code="s">1.55 Mo</marc:subfield>
      <marc:subfield code="u">https://publications.gc.ca/collections/Collection/R72-289-2000-1F-8.pdf</marc:subfield>
    </marc:datafield>
    <marc:datafield tag="856" ind1="4" ind2="0">
      <marc:subfield code="a">http://publications.gc.ca</marc:subfield>
      <marc:subfield code="q">PDF</marc:subfield>
      <marc:subfield code="s">2.94 Mo</marc:subfield>
      <marc:subfield code="u">https://publications.gc.ca/collections/Collection/R72-289-2000-1F-9.pdf</marc:subfield>
    </marc:datafield>
    <marc:datafield tag="856" ind1="4" ind2="0">
      <marc:subfield code="a">http://publications.gc.ca</marc:subfield>
      <marc:subfield code="q">PDF</marc:subfield>
      <marc:subfield code="s">254 Ko</marc:subfield>
      <marc:subfield code="u">https://publications.gc.ca/collections/Collection/R72-289-2000-1F-6.pdf</marc:subfield>
    </marc:datafield>
    <marc:datafield tag="856" ind1="4" ind2="0">
      <marc:subfield code="a">http://publications.gc.ca</marc:subfield>
      <marc:subfield code="q">PDF</marc:subfield>
      <marc:subfield code="s">819 Ko</marc:subfield>
      <marc:subfield code="u">https://publications.gc.ca/collections/Collection/R72-289-2000-1F-2.pdf</marc:subfield>
    </marc:datafield>
    <marc:datafield tag="856" ind1="4" ind2="0">
      <marc:subfield code="a">http://publications.gc.ca</marc:subfield>
      <marc:subfield code="q">PDF</marc:subfield>
      <marc:subfield code="s">14.45 Mo</marc:subfield>
      <marc:subfield code="u">https://publications.gc.ca/collections/Collection/R72-289-2000-1F-3.pdf</marc:subfield>
    </marc:datafield>
    <marc:datafield tag="856" ind1="4" ind2="0">
      <marc:subfield code="a">http://publications.gc.ca</marc:subfield>
      <marc:subfield code="q">PDF</marc:subfield>
      <marc:subfield code="s">3.18 Mo</marc:subfield>
      <marc:subfield code="u">https://publications.gc.ca/collections/Collection/R72-289-2000-1F-4.pdf</marc:subfield>
    </marc:datafield>
    <marc:datafield tag="856" ind1="4" ind2="0">
      <marc:subfield code="a">http://publications.gc.ca</marc:subfield>
      <marc:subfield code="q">PDF</marc:subfield>
      <marc:subfield code="s">625 Ko</marc:subfield>
      <marc:subfield code="u">https://publications.gc.ca/collections/Collection/R72-289-2000-1F-12.pdf</marc:subfield>
    </marc:datafield>
  </marc:record>
</marc:collection>
